[Event "ACT-ch"]
[Site "Canberra"]
[Date "2017.03.11"]
[Round "2"]
[White "Ikeda, Junta"]
[Black "Ninchich, Milan"]
[Result "1-0"]
[WhiteElo "2395"]
[BlackElo "1725"]
[PlyCount "29"]
[EventDate "2017.03.10"]
[EventType "swiss"]
[EventRounds "7"]
[EventCountry "AUS"]
[SourceTitle "EXT 2023"]
[Source "ChessBase"]
[SourceDate "2022.10.05"]
[SourceVersion "1"]
[SourceVersionDate "2022.10.05"]
[SourceQuality "1"]

1. e4 e5 2. Nf3 Nc6 3. Bb5 d6 4. Nc3 Bd7 5. 0-0 g6 6. Bxc6 Bxc6 7. d4 Bg7 8. Bg5 Qd7 9. Qd3 f6 10. Bh4 Ne7 11. d5 g5 12. dxc6 bxc6 13. Bg3 h5 14. h4 g4 15. Nd2 1-0

[Event "Senta-ch"]
[Site "Senta"]
[Date "2015.01.31"]
[Round "2"]
[White "Boros, Aron"]
[Black "Ninchich, Milan"]
[Result "1-0"]
[WhiteElo "1415"]
[BlackElo "1749"]
[PlyCount "57"]
[EventDate "2015.01.30"]
[EventType "swiss"]
[EventRounds "9"]
[EventCountry "SRB"]
[SourceTitle "EXT 2016"]
[Source "ChessBase"]
[SourceDate "2015.10.08"]
[SourceVersion "1"]
[SourceVersionDate "2015.10.08"]
[SourceQuality "1"]

1. c4 e5 2. Nc3 Nc6 3. e4 Nf6 4. Nf3 Bc5 5. d3 0-0 6. a3 d6 7. b4 h6 8. bxc5 dxc5 9. Be2 Qd6 10. 0-0 b6 11. Bb2 Ba6 12. Nb5 Rab8 13. Nxd6 cxd6 14. Rb1 b5 15. cxb5 Rxb5 16. Qa4 Rb6 17. Bc3 Bb5 18. Rxb5 Rxb5 19. Qxb5 Ne7 20. Rb1 d5 21. exd5 Nexd5 22. Qxc5 a6 23. Bxe5 Re8 24. Bxf6 Nxf6 25. h3 Rxe2 26. Rb8+ Kh7 27. Qf5+ g6 28. Qxf6 Rb2 29. Qh8# 1-0

[Event "Doeberl Cup Major 48th"]
[Site "Canberra"]
[Date "2010.04.02"]
[Round "1"]
[White "Yu, Derek"]
[Black "Ninchich, Milan"]
[Result "1/2-1/2"]
[WhiteElo "1908"]
[BlackElo "1639"]
[PlyCount "78"]
[EventDate "2010.04.02"]
[EventType "swiss"]
[EventRounds "7"]
[EventCountry "AUS"]
[SourceTitle "EXT 2012"]
[Source "ChessBase"]
[SourceDate "2011.11.24"]
[SourceVersion "1"]
[SourceVersionDate "2011.11.24"]
[SourceQuality "1"]

1. e4 e5 2. Nf3 Nf6 3. Nxe5 d6 4. Nf3 Nxe4 5. d4 d5 6. c4 Bb4+ 7. Nbd2 c6 8. Be2 0-0 9. 0-0 Nxd2 10. Bxd2 Bxd2 11. Qxd2 Nd7 12. cxd5 cxd5 13. Bd3 Nf6 14. Rfe1 Bg4 15. Ne5 Bh5 16. Re3 Bg6 17. Bxg6 fxg6 18. Qb4 Ne4 19. f3 Nd6 20. Rc1 Re8 21. Rec3 a5 22. Qb3 Nf5 23. Rc7 Nxd4 24. Qxb7 Ne6 25. Rd7 Qg5 26. Re1 Qd2 27. Kf1 Rab8 28. Qxd5 Qxd5 29. Rxd5 Rxb2 30. Nc4 Rxa2 31. Rde5 Rc8 32. Rxa5 Rxa5 33. Nxa5 Kf7 34. Nb7 Rc2 35. Nd6+ Kf6 36. Ne4+ Kf5 37. Ng3+ Kf6 38. Ne4+ Kf5 39. Ng3+ Kf6 1/2-1/2

[Event "Sydney op"]
[Site "Parramatta"]
[Date "2007.04.12"]
[Round "4"]
[White "Dowden, R Anthony"]
[Black "Ninchich, Milan"]
[Result "1-0"]
[WhiteElo "2190"]
[BlackElo "1771"]
[PlyCount "68"]
[EventDate "2007.04.10"]
[EventType "swiss"]
[EventRounds "9"]
[EventCountry "AUS"]
[SourceTitle "EXT 2023"]
[Source "ChessBase"]
[SourceDate "2022.10.05"]
[SourceVersion "1"]
[SourceVersionDate "2022.10.05"]
[SourceQuality "1"]

1. c4 Nc6 2. e4 e5 3. Nc3 Bc5 4. d3 d6 5. a3 a6 6. g3 Nf6 7. h3 h6 8. Bg2 Bd7 9. Nge2 Nd4 10. 0-0 Qc8 11. Kh2 g5 12. Nxd4 Bxd4 13. Ne2 Ba7 14. d4 Bc6 15. f3 Qd8 16. b4 Qe7 17. a4 b6 18. b5 Bb7 19. Bb2 0-0-0 20. bxa6 Bxa6 21. Qb3 Nd7 22. dxe5 dxe5 23. Ba3 Nc5 24. Qc2 Qe6 25. Bxc5 bxc5 26. Rac1 h5 27. h4 Qg6 28. Rb1 Rd6 29. f4 gxf4 30. Bh3+ Kd8 31. gxf4 Qf6 32. Qc3 exf4 33. e5 Qxh4 34. exd6 Bc8 1-0

[Event "Belconnen"]
[Site "Belconnen"]
[Date "2006.06.16"]
[Round "6"]
[White "Yuan, Yi"]
[Black "Ninchich, Milan"]
[Result "1-0"]
[WhiteElo "1584"]
[BlackElo "1586"]
[PlyCount "89"]
[EventDate "2006.05.05"]
[EventType "tourn"]
[EventRounds "9"]
[EventCountry "AUS"]
[SourceTitle "EXT 2008"]
[Source "ChessBase"]
[SourceDate "2007.11.25"]
[SourceVersion "1"]
[SourceVersionDate "2007.11.25"]
[SourceQuality "1"]

1. e4 e5 2. Nf3 d6 3. d4 exd4 4. Qxd4 Nc6 5. Qd1 Be6 6. Nc3 Be7 7. Bb5 Nf6 8. 0-0 0-0 9. Bf4 Nh5 10. Be3 Nf6 11. Bxc6 bxc6 12. e5 Nd5 13. Qe2 Nxc3 14. bxc3 c5 15. Rad1 Qc8 16. Ng5 Bg4 17. f3 Bh5 18. Ne4 Bg6 19. exd6 cxd6 20. Nxd6 Qe6 21. Nb5 Qxa2 22. Rd7 Bf6 23. Bxc5 Rfe8 24. Qf2 Rab8 25. Nd6 Red8 26. Rxa7 Qd5 27. Ne4 Bg5 28. Nxg5 Qxg5 29. Be7 Qd5 30. Bxd8 Rxd8 31. Ra4 Rb8 32. Qa7 Qd8 33. Rd4 Qe8 34. Rfd1 Qe3+ 35. Kf1 Rf8 36. Qc5 h6 37. Re1 Qg5 38. Rd5 Qf4 39. Qxf8+ Kh7 40. Rd4 Qxh2 41. Re8 Bh5 42. Qh8+ Kg6 43. Rg8 Qe5 44. g4 Qf6 45. Rxg7+ 1-0

[Event "Belconnen"]
[Site "Belconnen"]
[Date "2006.05.19"]
[Round "3"]
[White "Ninchich, Milan"]
[Black "Guo Yuthok, Sherab"]
[Result "0-1"]
[WhiteElo "1586"]
[BlackElo "1716"]
[PlyCount "52"]
[EventDate "2006.05.05"]
[EventType "tourn"]
[EventRounds "9"]
[EventCountry "AUS"]
[SourceTitle "EXT 2008"]
[Source "ChessBase"]
[SourceDate "2007.11.25"]
[SourceVersion "1"]
[SourceVersionDate "2007.11.25"]
[SourceQuality "1"]

1. d4 Nf6 2. Bg5 g6 3. Bxf6 exf6 4. e4 Bg7 5. Nf3 d6 6. Nc3 0-0 7. Be2 Nc6 8. Qd2 f5 9. h4 Re8 10. d5 fxe4 11. Ng5 Nd4 12. Nd1 h6 13. Nh3 Qxh4 14. c3 Nf3+ 15. Bxf3 exf3+ 16. Kf1 fxg2+ 17. Kxg2 Qg4+ 18. Kh2 Be5+ 19. f4 Qxh3+ 20. Kg1 Qg3+ 21. Qg2 Bd4+ 22. Ne3 Bxe3+ 23. Kf1 Qxf4+ 24. Ke2 Bc1+ 25. Kd1 Bg4+ 26. Kc2 Bf3 0-1

[Event "Belconnen"]
[Site "Belconnen"]
[Date "2006.05.05"]
[Round "1"]
[White "Ninchich, Milan"]
[Black "Brown, Andrew"]
[Result "0-1"]
[WhiteElo "1586"]
[BlackElo "1702"]
[PlyCount "64"]
[EventDate "2006.05.05"]
[EventType "tourn"]
[EventRounds "9"]
[EventCountry "AUS"]
[SourceTitle "EXT 2008"]
[Source "ChessBase"]
[SourceDate "2007.11.25"]
[SourceVersion "1"]
[SourceVersionDate "2007.11.25"]
[SourceQuality "1"]

1. d4 d5 2. c4 e6 3. cxd5 exd5 4. Nc3 Nf6 5. Bg5 Be7 6. Qc2 0-0 7. e3 c6 8. Bd3 Nbd7 9. Nge2 Re8 10. 0-0 Nf8 11. Rab1 Ne4 12. Bxe7 Qxe7 13. Ng3 f5 14. Rbe1 Bd7 15. f3 Nxg3 16. hxg3 Qg5 17. Qf2 Ne6 18. f4 Qf6 19. Qc2 g6 20. Kf2 Nxd4 21. Qa4 Nb5 22. Bxb5 cxb5 23. Qb3 Be6 24. Qxb5 d4 25. exd4 Qxd4+ 26. Kf3 Bd7 27. Qd5+ Qxd5+ 28. Nxd5 Bc6 29. Rd1 Rad8 30. Kf2 Rxd5 31. Rxd5 Bxd5 32. Rd1 Be4 0-1

[Event "Doeberl Cup 44th"]
[Site "Canberra"]
[Date "2006.04.16"]
[Round "6"]
[White "Rout, Ian Clive"]
[Black "Ninchich, Milan"]
[Result "1/2-1/2"]
[WhiteElo "1796"]
[BlackElo "1645"]
[PlyCount "70"]
[EventDate "2006.04.14"]
[EventType "swiss"]
[EventRounds "7"]
[EventCountry "AUS"]
[SourceTitle "CBM 111 Extra"]
[Source "ChessBase"]
[SourceDate "2006.05.09"]
[SourceVersion "1"]
[SourceVersionDate "2006.05.09"]
[SourceQuality "1"]

1. d4 c6 2. c4 d5 3. Nf3 Nf6 4. Nc3 e6 5. e3 Bd6 6. Ne5 Nbd7 7. f4 Ne4 8. Nxe4 dxe4 9. Qg4 Qf6 10. Be2 h5 11. Qh3 Qh6 12. 0-0 Nf8 13. c5 Bc7 14. g4 hxg4 15. Qxh6 Rxh6 16. Nxg4 Rg6 17. h4 f5 18. h5 Rxg4+ 19. Bxg4 fxg4 20. Kf2 Nh7 21. Kg3 Nf6 22. Rh1 Kf7 23. h6 Bd7 24. hxg7 Kxg7 25. Bd2 Rh8 26. Rxh8 Kxh8 27. b4 Kg7 28. a4 Kg6 29. Rb1 a6 30. Rh1 Nh5+ 31. Kg2 Be8 32. Rh4 Kf5 33. Be1 Bd8 34. Rh1 Bf6 35. Bf2 Kg6 1/2-1/2

[Event "Belconnen op"]
[Site "Belconnen"]
[Date "2005.09.09"]
[Round "10"]
[White "Hoole, Jeyaranyan"]
[Black "Ninchich, Milan"]
[Result "0-1"]
[WhiteElo "1496"]
[BlackElo "1587"]
[PlyCount "56"]
[EventDate "2005.07.08"]
[EventType "swiss"]
[EventRounds "11"]
[EventCountry "AUS"]
[SourceTitle "EXT 2007"]
[Source "ChessBase"]
[SourceDate "2006.11.23"]
[SourceVersion "1"]
[SourceVersionDate "2006.11.23"]
[SourceQuality "1"]

1. e4 e6 2. d4 d5 3. exd5 exd5 4. Bd3 Nc6 5. c3 Be7 6. Nf3 Nf6 7. Bg5 h6 8. Bh4 Bg4 9. Nbd2 0-0 10. 0-0 a6 11. a4 Rb8 12. b4 Nh5 13. Bxe7 Qxe7 14. h3 Be6 15. Ne5 Nxe5 16. dxe5 Nf4 17. Qf3 Nxh3+ 18. gxh3 Qg5+ 19. Kh2 Qxd2 20. Rad1 Qg5 21. Rg1 Qxe5+ 22. Kh1 Kh8 23. Rde1 Qf6 24. Qh5 Rbd8 25. Re3 d4 26. Rf3 Bd5 27. Rgg3 Bxf3+ 28. Rxf3 Qg5 0-1

[Event "Belconnen op"]
[Site "Belconnen"]
[Date "2005.08.26"]
[Round "8"]
[White "Ninchich, Milan"]
[Black "Mccoy, Tom"]
[Result "1-0"]
[WhiteElo "1587"]
[BlackElo "1664"]
[PlyCount "68"]
[EventDate "2005.07.08"]
[EventType "swiss"]
[EventRounds "11"]
[EventCountry "AUS"]
[SourceTitle "EXT 2007"]
[Source "ChessBase"]
[SourceDate "2006.11.23"]
[SourceVersion "1"]
[SourceVersionDate "2006.11.23"]
[SourceQuality "1"]

1. e4 c5 2. Nf3 d6 3. d4 cxd4 4. Nxd4 a6 5. Nc3 Nf6 6. Bd3 g6 7. 0-0 Bg7 8. Kh1 0-0 9. f4 Nc6 10. Nf3 Qa5 11. Bd2 Qh5 12. Ne2 Ng4 13. Ng3 Qc5 14. Qe2 Bxb2 15. Rab1 Nd4 16. Nxd4 Bxd4 17. h3 Nf2+ 18. Kh2 Nxd3 19. cxd3 b5 20. Rbc1 Qb6 21. f5 Bb7 22. Bh6 Bg7 23. Bxg7 Kxg7 24. Qb2+ f6 25. Ne2 d5 26. e5 gxf5 27. Rxf5 Rac8 28. Qb4 Rfe8 29. Qg4+ Kh8 30. Rh5 Rg8 31. Qf5 Rxg2+ 32. Kxg2 Rg8+ 33. Kh2 Rg7 34. Rg1 Bc8 1-0

[Event "Belconnen op"]
[Site "Belconnen"]
[Date "2005.08.19"]
[Round "7"]
[White "Wicks, Mark"]
[Black "Ninchich, Milan"]
[Result "0-1"]
[WhiteElo "1308"]
[BlackElo "1587"]
[PlyCount "122"]
[EventDate "2005.07.08"]
[EventType "swiss"]
[EventRounds "11"]
[EventCountry "AUS"]
[SourceTitle "EXT 2010"]
[Source "ChessBase"]
[SourceDate "2010.11.25"]
[SourceVersion "1"]
[SourceVersionDate "2010.11.25"]
[SourceQuality "1"]

1. d4 d5 2. Nf3 Nf6 3. Bf4 e6 4. e3 Be7 5. Be2 0-0 6. Nbd2 c5 7. c3 Qb6 8. Rb1 Nc6 9. Ne5 cxd4 10. cxd4 Qa5 11. Nxc6 bxc6 12. a3 c5 13. 0-0 c4 14. Qc2 Bd7 15. h3 Rac8 16. Qc3 Qd8 17. b4 Ne8 18. Nf3 Nd6 19. Bxd6 Bxd6 20. Ra1 Qe7 21. Rfb1 Rb8 22. Bd1 Rfc8 23. Bc2 Rb6 24. Qe1 f5 25. Qd1 Rcb8 26. Ba4 Be8 27. Bxe8 Qxe8 28. Nd2 Qg6 29. f4 Qg3 30. Qe1 Qg6 31. Nf3 Qe8 32. Qh4 Be7 33. Qg3 a5 34. Qe1 axb4 35. axb4 Rxb4 36. Rxb4 Rxb4 37. Ne5 Qc8 38. Ra7 Rb7 39. Ra6 Rc7 40. Qa5 Bf8 41. Qa4 c3 42. Ra8 c2 43. Nd3 c1Q+ 44. Nxc1 Rxc1+ 45. Kh2 Qc6 46. Qa5 Qd6 47. Qa4 Rc7 48. Ra6 Qe7 49. Ra8 Kf7 50. Kg3 Qd7 51. Qa6 h6 52. Qa5 g5 53. fxg5 hxg5 54. Kf3 Qd6 55. Qa4 Qc6 56. Qa5 Qc4 57. Qe1 Qd3 58. Qe2 Qe4+ 59. Kf2 Rc2 60. Ra2 Rxe2+ 61. Rxe2 Bd6 0-1

[Event "AUS-ch reserves"]
[Site "Melbourne"]
[Date "2001.12.29"]
[Round "2"]
[White "Stead, Kerry"]
[Black "Ninchich, Milan"]
[Result "1/2-1/2"]
[WhiteElo "2119"]
[BlackElo "1749"]
[PlyCount "58"]
[EventDate "2001.12.28"]
[EventType "swiss"]
[EventRounds "11"]
[EventCountry "AUS"]
[SourceTitle "EXT 2003"]
[Source "ChessBase"]
[SourceDate "2002.11.25"]
[SourceVersion "1"]
[SourceVersionDate "2002.11.25"]
[SourceQuality "1"]

1. e4 c5 2. Nc3 Nc6 3. g3 e6 4. Bg2 d6 5. f4 Be7 6. Nf3 Nf6 7. d4 cxd4 8. Nxd4 Qb6 9. Nb3 0-0 10. Qe2 a6 11. Be3 Qc7 12. a4 b6 13. 0-0 Bb7 14. Rad1 Nb4 15. Rd2 d5 16. e5 Nd7 17. Qf2 Bc5 18. Nd4 Nc6 19. Nce2 Nxd4 20. Nxd4 Nb8 21. f5 Nc6 22. Nxc6 Qxc6 23. Bxc5 Qxc5 24. Qxc5 bxc5 25. c4 Rab8 26. fxe6 fxe6 27. Rxf8+ Kxf8 28. cxd5 exd5 29. Bh3 Bc6 1/2-1/2